Elementos de filosofía
Furkejuvvon:
| Váldodahkki: | |
|---|---|
| Materiálatiipa: | Girji |
| Giella: | espánnjágiella |
| Almmustuhtton: |
Valparaíso
Mercurio
1852
|
| Fáttát: | |
| Fáddágilkorat: |
Lasit fáddágilkoriid
Eai fáddágilkorat, Lasit vuosttaš fáddágilkora!
|
MARC
| LEADER | 00000nam a2200000 a 4500 | ||
|---|---|---|---|
| 001 | UCZ3965 | ||
| 003 | CL-VaPUC | ||
| 008 | 951027e18520000CL |||||||||||||||||spa|d | ||
| 082 | 0 | 4 | |a 101 |b GAL |2 21 |
| 100 | |a Galluppi, Pascuale |e author |9 354074 | ||
| 245 | 1 | 0 | |a Elementos de filosofía |
| 300 | |a v | ||
| 942 | |c BK | ||
| 945 | |d 19951027 00:00:00 |a lriquelm | ||
| 260 | |a Valparaíso |b Mercurio |c 1852 | ||
| 600 | 0 | |a Dios |9 314467 | |
| 650 | 0 | |a Filosofía |9 223554 | |
| 650 | 0 | |a Lógica |9 256849 | |
| 650 | 0 | |a Ética |9 255099 | |
| 650 | 0 | |a Conceptos morales |9 310606 | |
| 650 | 0 | |a Teología |9 258766 | |
| 583 | |a last modification |c 19951027 00:00:00 |k Rodrigo Vera | ||
| 999 | |c 240404 |d 240402 | ||
| 952 | |0 0 |1 0 |4 0 |6 101_000000000000000_GAL_1852 |7 0 |8 P |9 252259 |a BIBEDU |b BIBEDU |c BIBEDU_PB |d 2019-11-18 |h v.1 |i 1593161 |o 101 GAL 1852 |p 1593161 |r 2024-01-25 |w 2019-11-18 |y BK |k FIL | ||